Najmniejsze miasto każdego województwa - Statystyki

Ogólne statystyki
  • Ten quiz został rozwiązany 30 razy
  • Średni wynik to 4 z 16
Statystyki odpowiedzi
Województwo Ludność Miasto % Poprawnych
Świętokrzyskie 329 Opatowiec
76%
Mazowieckie 886 Wyśmierzyce
48%
Podlaskie 988 Suraż
45%
Małopolskie 778 Koszyce
34%
Pomorskie 1 303 Krynica Morska
24%
Opolskie 1 763 Ujazd
24%
Podkarpackie 1 409 Kołaczyce
21%
Warmińskomazurskie 1 792 Młynary
21%
Zachodniopomorskie 1 190 Nowe Warpno
21%
Śląskie 1 881 Sośnicowice
21%
Lubuskie 1 278 Szlichtyngowa
21%
Lubelskie 920 Józefów Nad Wisłą
17%
Dolnośląskie 1 759 Wleń
17%
Kujawskopomorskie 1 366 Górzno
14%
Łódzkie 1 908 Piątek
14%
Wielkopolskie 1 390 Dobra
10%
Nie znaleziono quizów pasujących do podanych kryteriów
Rozkład punktacji
Procent ludzi z każdym wynikiem
Percentyl według liczby udzielonych odpowiedzi
Twoja historia wyników
Nie rozwiązałeś tego quizu